Modern marketing of services Principles and techniques

Ebook from IG Library

में बचाया:
ग्रंथसूची विवरण
मुख्य लेखक: Grant, Jessica
स्वरूप: पुस्तक
भाषा:Undetermined
प्रकाशित: Tritech Digital Media 2018
विषय:
ऑनलाइन पहुंच:http://lrc.tdmu.edu.vn/opac/search/detail.asp?aID=2&ID=39367
टैग : टैग जोड़ें
कोई टैग नहीं, इस रिकॉर्ड को टैग करने वाले पहले व्यक्ति बनें!
Thư viện lưu trữ: Trung tâm Học liệu Trường Đại học Thủ Dầu Một
LEADER 00622nam a2200193Ia 4500
001 TDMU_39367
008 210410s9999 xx 000 0 und d
082 |a 361 
100 |a Grant, Jessica 
245 0 |a Modern marketing of services 
245 0 |b Principles and techniques 
245 0 |c Jessica Grant 
260 |b Tritech Digital Media 
260 |c 2018 
300 |a 176tr 
520 |a Ebook from IG Library 
650 |a Busines  |x Marketing ; Kinh doanh  |x Tiếp thị  
856 |u http://lrc.tdmu.edu.vn/opac/search/detail.asp?aID=2&ID=39367 
980 |a Trung tâm Học liệu Trường Đại học Thủ Dầu Một